| 000 | 01313 a2200337 4500 | ||
|---|---|---|---|
| 001 | 000000001 | ||
| 003 | EC-UNACH | ||
| 005 | 20260122104325.0 | ||
| 008 | 130101s2013 ec a | |||| 00| 0 spa d | ||
| 020 | _a9789942075604 | ||
| 040 |
_aEC-UNACH _bspa _erda |
||
| 041 | 0 | _aspa | |
| 082 | 0 | 4 |
_a305.800986 _bL018553 |
| 100 | 1 | _aCantero, Pedro A. | |
| 245 | 1 | 0 |
_aEcuatorianos: _bretratos. |
| 250 | _aPrimera edición | ||
| 264 | 1 |
_aQuito : _bMinisterio de Inclusión Económica y Social, _c2013. |
|
| 300 |
_a264 páginas : _bilustraciones ; _c24 x 27,5 cm |
||
| 505 | _aEcuador. - Aspectos sociales. - Identidad cultural. - Sociedad ecuatoriana | ||
| 520 | _aObra que presenta una mirada social y cultural del Ecuador a través de retratos colectivos e interpretativos. Analiza la diversidad humana, social e identitaria del país, destacando realidades históricas, culturales y políticas que conforman el tejido social ecuatoriano. | ||
| 650 | 4 | _aEcuador--Aspectos sociales | |
| 650 | 4 | _aIdentidad cultural--Ecuador | |
| 650 | 4 | _aSociedad ecuatoriana | |
| 700 | 1 |
_aSoliz Carrión, Doris _etex. |
|
| 700 | 1 |
_aCantero, Pedro A. _etex. |
|
| 942 |
_2ddc _c1 |
||
| 999 | _c14356 | ||